01218nam a2200253 i 4500001000300000245023800003246003700241260002900278300002800307500016600335504002400501650002500525650003600550650002100586655002900607700003800636700002500674710006600699040000800765041001500773080003700788008004100825856009800866bg00aKonstrukcje metalowe - Gdańsk 2001 :bX Międzynarodowa Konferencja Naukowo-Techniczna, Gdańsk 6-8. /c[red.] Jerzy Ziółko, Ewa Supernak ; Komitet Inżynierii Lądowej i Wodnej Polskiej Akademii Nauk [et al.]n6.n001. T.3.11aMetal structures - Gdańsk 2001 aGdańsk :b[PG],c2001. a429 s. :bil. ;c24 cm. aTyt. równol.: Metal structures - Gdańsk 2001 : Xth International Scientific-Technical Conference. Vol.3. - Tekst częśc. ang., pol. - Streszcz. ang., pol. aBibliogr. przy ref. 9aKonstrukcje metalowe 9aKonstrukcje metalowexmechanika 9aKorozja i erozja aMateriały konferencyjne1 aZiółko, Jerzyd(1934- ).eRed.1 aSUPERNAK, Ewa.eRed. 0aPolska Akademia NaukbKomitet Inżynierii Lądowej i Wodnej cBPK0 aplenbenpl a624.01/.07:624.014:620.193](061) s pl f |000 0 pol  uhttp://koha.tu.koszalin.pl/cgi-bin/koha/opac-detail.pl?biblionumber=40660yKatalog online BPK